| 000 | 00723nam a22001577a 4500 | ||
|---|---|---|---|
| 003 | OSt | ||
| 005 | 20151130090158.0 | ||
| 008 | 151130b xxu||||| |||| 00| 0 eng d | ||
| 040 | _cRUA | ||
| 082 | _aFIS SAY 1997 B165 Or.1 | ||
| 100 |
_93989 _aSAY, DARA. |
||
| 245 | _aAssessment of potential of small scale aquaculture in preah sdach district prey veng province, ការវាយតំលៃទៅលើសក្ដានុពលភាពនៃវិស័យវារីវប្បកម្មជាលក្ខណៈគ្រួសារក្នងស្រុកព្រះស្ដេច ខេត្តព្រៃវែង | ||
| 260 |
_aPhnom Penh _bRUA _c1997 |
||
| 300 |
_a59p. _bill. _c29cm. |
||
| 942 |
_2ddc _cFIS |
||
| 999 |
_c3709 _d3709 |
||